របាយកាណ៍កម្មសិក្សា (Record no. 9969)

000 -LEADER
fixed length control field 00252nam a22001217a 4500
040 ## - CATALOGING SOURCE
Transcribing agency SY
082 ## - DEWEY DECIMAL CLASSIFICATION NUMBER
Classification number 331
100 ## - MAIN ENTRY--AUTHOR NAME
Personal name NA
245 ## - TITLE STATEMENT
Title របាយកាណ៍កម្មសិក្សា
260 ## - PUBLICATION, DISTRIBUTION, ETC. (IMPRINT)
Place of publication RUA
Name of publisher NA
Year of publication 1988
300 ## - PHYSICAL DESCRIPTION
Number of Pages 45p.
942 ## - ADDED ENTRY ELEMENTS (KOHA)
Koha item type សៀវភៅភាសាខ្មែរ
952 ## - LOCATION AND ITEM INFORMATION (KOHA)
Withdrawn status [LOCAL, KOHA] 0
Holdings
Permanent Location Date acquired Koha item type Lost status Shelving location Barcode Current Location Full call number
Library Block C2016-09-16សៀវភៅភាសាខ្មែរ C068RUA41060Library Block C331 NA 1988 C068
មជ្ឈមណ្ឌលឯការនៃសាកលវិទ្យាល័យភូមិន្ទកសិកម្មចំការដូង

Powered by Koha